Statistics for Victorian State Districts and Regions

Click here to take the quiz!

General Stats

  • This quiz has been taken 11 times
  • The average score is 31 of 96

Answer Stats

Answer% Correct
Melbourne
100%
Geelong
86%
Werribee
71%
Brunswick
57%
Eastern Victoria
57%
Frankston
57%
Mornington
57%
Northern Victoria
57%
Prahran
57%
Preston
57%
Richmond
57%
South-Eastern Metropolitan
57%
Western Metropolitan
57%
Western Victoria
57%
Williamstown
57%
Yan Yean
57%
Albert Park
43%
Box Hill
43%
Cranbourne
43%
Dandenong
43%
Essendon
43%
Ivanhoe
43%
Malvern
43%
Melton
43%
Mildura
43%
Narracan
43%
Northcote
43%
North-Eastern Metropolitan
43%
Northern Metropolitan
43%
Ovens Valley
43%
Pakenham
43%
Pascoe Vale
43%
Polwarth
43%
Ripon
43%
Shepparton
43%
Southern Metropolitan
43%
Warrandyte
43%
Wendouree
43%
Bass
29%
Bayswater
29%
Bendigo East
29%
Bendigo West
29%
Bentleigh
29%
Berwick
29%
Brighton
29%
Carrum
29%
Eildon
29%
Eltham
29%
Euroa
29%
Footscray
29%
Gippsland East
29%
Gippsland South
29%
Hastings
29%
Hawthorn
29%
Kew
29%
Lowan
29%
Mill Park
29%
Monbulk
29%
Mordialloc
29%
Morwell
29%
Narre Warren North
29%
Narre Warren South
29%
Point Cook
29%
South Barwon
29%
St Albans
29%
Sydenham
29%
Tarneit
29%
Thomastown
29%
Ashwood
14%
Bellarine
14%
Benambra
14%
Broadmeadows
14%
Bulleen
14%
Bundoora
14%
Caulfield
14%
Croydon
14%
Eureka
14%
Evelyn
14%
Glen Waverley
14%
Kalkallo
14%
Kororoit
14%
Lara
14%
Laverton
14%
Macedon
14%
Mulgrave
14%
Nepean
14%
Niddrie
14%
Oakleigh
14%
Ringwood
14%
Sandringham
14%
South-West Coast
14%
Clarinda
0%
Greenvale
0%
Murray Plains
0%
Rowville
0%
Sunbury
0%

Score Distribution

Percentile by Number Answered

Percent of People with Each Score

Your Score History

You have not taken this quiz